| 000 | 00667 am a2200253ua 4500 | ||
|---|---|---|---|
| 999 |
_c2300 _d2300 |
||
| 001 | 010716756 | ||
| 003 | OSt | ||
| 005 | 20230411103417.0 | ||
| 008 | 910822s1991 enk j| 000 1|eng | ||
| 015 |
_aGB9044763 _2bnb |
||
| 020 | _a074980033X (pbk) : | ||
| 039 | 0 | _a2153 | |
| 040 |
_aUk _cUk _dKH8 |
||
| 082 | 0 | 4 |
_a823.914 HAR _220 |
| 100 | 1 |
_aHargreaves, Roger, _d1935-1988. _eAuthor |
|
| 245 | 1 | 0 |
_aMr. Rush. _cRoger Hargreaves |
| 260 |
_bWorld International, _c1991. |
||
| 300 | _a[36]p. | ||
| 336 |
_atext _2rdacontent |
||
| 337 |
_aunmediated _2rdamedia |
||
| 338 |
_avolume _2rdacarrier |
||
| 653 | 1 |
_aEnglish fiction _aChildren's stories |
|
| 942 |
_2ddc _cBK |
||